000 00693nam a2200205Ia 4500
003 GCL
008 140319s9999 xx 000 0 ara d
040 _aGCL /
_cGCL
082 0 4 _a956.04
_bس ص
100 1 _aسامى مسلم
245 1 0 _aالصين والقضية الفلسطينية1981-1976 /
_cسامى مسلم
260 _a[S.N] :
_bمؤسسة الدراسات الفلسطينية ،
_c1982
300 _a37 ص
490 _aاوراق مؤسسة الدراسات الفلسطسينية
_v0
650 0 4 _aالنزاع العربى الاسرائيلى
650 0 4 _aاسرائيل
650 0 4 _aالقضية الفلسطينية
650 0 4 _aالصين
942 _2ddc
_cBK
999 _c41496
_d41496